[Event "GCT Blitz Paris 2017"]
[Site "Paris FRA"]
[Date "2017.06.24"]
[Round "2.1"]
[White "Grischuk,A"]
[Black "Nakamura,Hi"]
[Result "1/2-1/2"]
[WhiteElo "2761"]
[BlackElo "2785"]

1.d4 Nf6 2.c4 e6 3.Nc3 Bb4 4.Nf3 O-O 5.Qc2 d5 6.Bg5 h6 7.Bxf6 Qxf6 8.a3 Bxc3+
9.Qxc3 dxc4 10.Qxc4 Nc6 11.Qc3 Re8 12.Rd1 e5 13.d5 Nb8 14.e3 c6 15.Be2 cxd5
16.Rxd5 Nc6 17.O-O Bg4 18.h3 Bf5 19.Rfd1 Rac8 20.Rc5 Qe7 21.b4 e4 22.Rxf5 exf3
23.Bxf3 Ne5 24.Qb3 Red8 25.Bd5 g6 26.Rf4 Kg7 27.Re4 Qf6 28.Red4 b6 29.a4 Rc7
30.Rf4 Qe7 31.Rfd4 Rdc8 32.Qb1 Rc2 33.Be4 R2c7 34.a5 bxa5 35.bxa5 Rc5 36.a6 R8c7
37.Bb7 Rc2 38.Qb4 Qxb4 39.Rxb4 Ra2 40.Re4 Ra5 41.Rd5 Ra1+ 42.Kh2 Nc4 43.Red4 Ra2
44.Kg3 Nb6 45.Rd6 Rc5 46.h4 Rf5 47.Rf4 Rxf4 48.exf4 Na4 49.Rc6 Ra3+ 50.f3 Nc3
51.f5 gxf5 52.Kf4 Ra4+ 53.Ke5 Ne2 54.Rc7 Ra5+ 55.Kd6 Kf6 56.Kd7 Nd4 57.Kc8 Re5
58.Rc4 Nb5 59.Rc6+ Ke7 60.Kb8 Kd7 61.Rc8 Re6 62.Rf8 Ke7 63.Rc8 Kd7 64.Rc1 Re8+
65.Bc8+ Kd6 66.Kb7 Re7+ 67.Kb8 Re8 68.Kb7 Re7+ 69.Kb8 f4 70.Bb7 Re8+ 71.Bc8 Re7
72.Bb7 Re8+ 73.Bc8 Re2 74.Bb7 Rxg2 75.Rc6+ Kd7 76.Rc8 Rg6 77.h5 Re6 78.Rf8 Ke7
79.Rc8 Kd7 80.Rf8 Ke7 81.Rc8 Rd6 82.Bc6 Nd4 83.Kb7 Nxc6 84.Rxc6 Rxc6 85.Kxc6 Ke6
86.Kb7 Kd7 87.Kxa7 Kc7 88.Ka8 Kc8 89.Ka7 Kc7 90.Ka8 Kc8  1/2-1/2

[Event "GCT Blitz Paris 2017"]
[Site "Paris FRA"]
[Date "2017.06.24"]
[Round "3.3"]
[White "Nakamura,Hi"]
[Black "So,W"]
[Result "1-0"]
[WhiteElo "2785"]
[BlackElo "2812"]

1.Nf3 d5 2.e3 Nf6 3.b3 e6 4.Bb2 b6 5.c4 Bb7 6.d4 Bd6 7.Nbd2 O-O 8.Bd3 Nbd7
9.Rc1 Ne4 10.O-O Nxd2 11.Nxd2 Nf6 12.c5 bxc5 13.dxc5 Be7 14.c6 Bc8 15.Qe2 Bb4
16.Rfd1 Qe7 17.Nf3 a5 18.a4 Ne4 19.Bxe4 dxe4 20.Ne5 Bd6 21.Qc2 f5 22.Nc4 Ba6
23.Nxd6 cxd6 24.Ba3 Bd3 25.Rxd3 exd3 26.Qxd3 Rac8 27.b4 axb4 28.Bxb4 Qc7
29.h3 Rfd8 30.Qb5 Qa7 31.Ba5 Rf8 32.Bb6 Qe7 33.a5 f4 34.exf4 Rxf4 35.a6 Rf5
36.Qa4 Qg5 37.Rb1 Qg6 38.Ra1 Rg5 39.g4 h5 40.a7 Kh7 41.Be3 Re5 42.g5 Rxe3
43.fxe3 Qxg5+ 44.Kh1 Qxe3 45.Qc2+ Kh6 46.Qg2 Ra8 47.c7 Qc3 48.Rg1 Kh7 49.Qe4+  1-0

[Event "GCT Blitz Paris 2017"]
[Site "Paris FRA"]
[Date "2017.06.24"]
[Round "4.2"]
[White "Caruana,F"]
[Black "Nakamura,Hi"]
[Result "0-1"]
[WhiteElo "2808"]
[BlackElo "2785"]

1.e4 e5 2.Nf3 Nc6 3.Bb5 Nf6 4.d3 Bc5 5.Bxc6 dxc6 6.Nbd2 Be6 7.Nb3 Bb6 8.Qe2 Qe7
9.Bd2 a5 10.Bc3 Nd7 11.d4 a4 12.Nbd2 a3 13.b3 exd4 14.Bxd4 O-O 15.O-O Ba5
16.Rad1 Rad8 17.Qe3 Bg4 18.Nc4 Bb4 19.h3 Bh5 20.Qf4 Rfe8 21.c3 Bd6 22.e5 Bc5
23.g4 Bg6 24.Ne3 Bxd4 25.Rxd4 f6 26.exf6 Qxf6 27.Qg3 Nc5 28.Rxd8 Rxd8 29.Qxc7 Rf8
30.Nd4 Bd3 31.Nef5 Bxf1 32.Kxf1 h6 33.h4 Re8 34.Kg2 Kh7 35.b4 Ne4 36.Qd7 Rd8
37.Qxb7 Nxc3 38.Ne6 Rg8 39.Qxc6 Qe5 40.Nc5 Qd5+ 41.Qxd5 Nxd5 42.b5 Rb8 43.Nd4 Nc3
44.Na6 Rb6 45.Nb4 Nxb5 46.Nxb5 Rxb5 47.Nc2 Ra5 48.f4 h5 49.Kf3 hxg4+ 50.Kxg4 Kg6
51.Nd4 Kf6 52.h5 Rc5 53.Kf3 Rc1 54.Nb5 Rc2  0-1

[Event "GCT Blitz Paris 2017"]
[Site "Paris FRA"]
[Date "2017.06.24"]
[Round "5.3"]
[White "Nakamura,Hi"]
[Black "Bacrot,E"]
[Result "1-0"]
[WhiteElo "2785"]
[BlackElo "2708"]

1.Nf3 d5 2.g3 g6 3.c4 c6 4.Bg2 Bg7 5.O-O Nf6 6.d3 O-O 7.Nbd2 Re8 8.Qc2 e5
9.e4 Na6 10.a3 dxe4 11.Nxe4 Nxe4 12.dxe4 Nc5 13.Rd1 Qc7 14.b4 Ne6 15.c5 b6
16.Be3 bxc5 17.bxc5 Ba6 18.Bh3 Rad8 19.Rxd8 Qxd8 20.Bxe6 Rxe6 21.Rd1 Qc7
22.Qd2 Re8 23.Qd7 Qb8 24.Kg2 h6 25.h4 Qc8 26.Qxa7 Bc4 27.h5 Qg4 28.Qd7 Qxd7
29.Rxd7 Ra8 30.hxg6 fxg6 31.Nh4 Kh7 32.Rd6 Rxa3 33.Nxg6 Bd3 34.Kf3 Bc2 35.g4 Ra4
36.Nh4 Bxe4+ 37.Kg3 Bf8 38.Rd7+ Kg8 39.f3 Bd5 40.Rd8 Kf7 41.Nf5 Ra3 42.Rd7+ Ke8
43.Rb7 e4 44.fxe4 Bxe4 45.Kf4 Ra4 46.Ke5 Bd5 47.Kf6 Ra8 48.Bf4 Rd8 49.Bd6 Bxd6
50.cxd6 Rd7 51.Ng7+  1-0

[Event "GCT Blitz Paris 2017"]
[Site "Paris FRA"]
[Date "2017.06.24"]
[Round "6.4"]
[White "Topalov,V"]
[Black "Nakamura,Hi"]
[Result "1/2-1/2"]
[WhiteElo "2749"]
[BlackElo "2785"]

1.c4 Nf6 2.Nc3 e6 3.e4 d5 4.cxd5 exd5 5.e5 Ne4 6.Nf3 Bf5 7.Be2 d4 8.Nxe4 Bxe4
9.d3 Bd5 10.O-O Nc6 11.a3 a5 12.Bf4 a4 13.Nd2 Be7 14.Bg3 O-O 15.Rc1 Qd7 16.Bg4 Be6
17.Bxe6 fxe6 18.Qc2 Rfc8 19.Rce1 Na5 20.Re4 c5 21.Nc4 Qc6 22.Nd6 Rf8 23.Rg4 b5
24.h3 Nb3 25.Qe2 Kh8 26.Re1 Rab8 27.Bh4 Qd7 28.Qe4 Nd2 29.Qe2 Nb3 30.Rd1 Na5
31.Qe4 Nc6 32.Bxe7 Nxe7 33.Rc1 Qa7 34.Rh4 Nf5 35.Nxf5 exf5 36.Qc6 Qe7 37.Rf4 Qxe5
38.g3 Rfc8 39.Qd7 Rf8 40.h4 g6 41.Qa7 Rfc8 42.Kh2 Qd6 43.h5 Qc6 44.Qe7 Qc7
45.Qe6 Rb6 46.Qd5 Kg7 47.Rxd4 Qe7 48.Qd7 Qxd7 49.Rxd7+ Kh6 50.hxg6 Kxg6 51.Kg2 c4
52.dxc4 bxc4 53.Rd4 Rbc6 54.Rc3 h5 55.Kh3 Kg5 56.Rf4 Rc5 57.Kg2 R8c7 58.Kf1 Rc8
59.Kg2 R8c7 60.Kh2 Rc8 61.Kg2  1/2-1/2

[Event "GCT Blitz Paris 2017"]
[Site "Paris FRA"]
[Date "2017.06.24"]
[Round "7.5"]
[White "Nakamura,Hi"]
[Black "Mamedyarov,S"]
[Result "1-0"]
[WhiteElo "2785"]
[BlackElo "2800"]

1.Nf3 Nf6 2.c4 g6 3.Nc3 d5 4.cxd5 Nxd5 5.Qa4+ Bd7 6.Qh4 Nxc3 7.Qd4 f6 8.Qxc3 e5
9.e4 Nc6 10.a3 Bd6 11.Bc4 Qe7 12.h3 O-O-O 13.d3 Kb8 14.Be3 g5 15.b4 Qg7 16.b5 Ne7
17.a4 f5 18.a5 g4 19.hxg4 f4 20.Bxf4 Qxg4 21.Bg3 Ng6 22.b6 Nf4 23.Kf1 cxb6
24.axb6 axb6 25.Rh4 Qg6 26.Nxe5  1-0

[Event "GCT Blitz Paris 2017"]
[Site "Paris FRA"]
[Date "2017.06.24"]
[Round "8.5"]
[White "Carlsen,M"]
[Black "Nakamura,Hi"]
[Result "1/2-1/2"]
[WhiteElo "2832"]
[BlackElo "2785"]

1.e4 e5 2.Nf3 Nc6 3.Bc4 Bc5 4.O-O Nf6 5.d3 d6 6.c3 a6 7.a4 O-O 8.h3 Ba7 9.Re1 Ne7
10.d4 Ng6 11.Bb3 Bd7 12.Bc2 Re8 13.Nbd2 Bc6 14.a5 h6 15.Ra3 Qc8 16.b4 Bd7
17.Nf1 b6 18.Ng3 bxa5 19.bxa5 Rb8 20.Be3 Qb7 21.Rb3 Qa8 22.Rxb8 Qxb8 23.dxe5 dxe5
24.Bxa7 Qxa7 25.Nh5 Nxh5 26.Qxd7 Nf6 27.Qc6 Re6 28.Qc4 Ne8 29.g3 Nd6 30.Qd3 Kh7
31.Kg2 Qc5 32.Bb3 Rf6 33.h4 Qxa5 34.Nh2 Qb6 35.Qc2 Rxf2+ 36.Qxf2 Qxb3 37.Nf3 Qxc3
38.Qe3 Qxe3 39.Rxe3 h5 40.Nd2 Nf8 41.Ra3 Ne6 42.Rxa6 f6 43.Kf3 Nd4+ 44.Kf2 Kg6
45.Ra8 Ne6 46.Ke3 Nd4 47.Ra2 Kf7 48.Kd3 Ne6 49.Rc2 Ke7 50.Nf1 Nb7 51.Ra2 g6
52.Ra8 Nd6 53.Ra5 Nb7 54.Ra8 Nd6 55.Ra5 Nb7 56.Ra8 Nec5+ 57.Ke3 Nd6 58.Nd2 f5
59.exf5 Nxf5+ 60.Kf3 Nd4+ 61.Ke3 Nf5+ 62.Kf3 Nd4+ 63.Kf2 Nf5 64.Rg8 e4 65.Nc4 Nd3+
66.Ke2 Nxg3+ 67.Ke3 Kf6 68.Rc8 Nc5 69.Rxc7 Nf5+ 70.Kf2 Nd3+ 71.Ke2 Nf4+ 72.Kf2 Nd3+
73.Ke2 Nf4+ 74.Kf2 Nxh4 75.Rc6+ Kg5 76.Nd6 e3+ 77.Kxe3 Nf5+ 78.Nxf5 Kxf5
79.Kf3 g5 80.Rc5+ Kf6 81.Ke4 h4 82.Rc6+ Kf7 83.Kf5 h3 84.Kxg5 Ne2 85.Rh6 Ng1
86.Kg4 Kg7 87.Rh4 Kg6 88.Kg3 Ne2+ 89.Kf3 Nc3 90.Rxh3 Nd5 91.Ke4 Nf6+ 92.Ke5 Ng4+
93.Kf4 Nf6 94.Rd3 Kf7 95.Ke5 Ke7 96.Rb3 Nd7+ 97.Kd5 Nf6+ 98.Kc6 Ke6 99.Rf3 Ke5
100.Rf1 Ke6 101.Re1+ Kf5 102.Kd6 Ne4+ 103.Kd5 Nf6+ 104.Kd4 Ng4 105.Rf1+ Ke6
106.Rg1 Kf5 107.Ra1 Ke6 108.Ra5 Nf6 109.Ra6+ Kf5 110.Rxf6+ Kxf6  1/2-1/2

[Event "GCT Blitz Paris 2017"]
[Site "Paris FRA"]
[Date "2017.06.24"]
[Round "9.3"]
[White "Nakamura,Hi"]
[Black "Karjakin,Sergey"]
[Result "1-0"]
[WhiteElo "2785"]
[BlackElo "2781"]

1.Nf3 Nf6 2.e3 d5 3.c4 e6 4.b3 Be7 5.Bb2 O-O 6.d4 b6 7.Bd3 Bb7 8.O-O Nbd7
9.Nbd2 c5 10.Rc1 Rc8 11.Qe2 cxd4 12.Nxd4 dxc4 13.Nxc4 Rc5 14.Rfd1 Qa8 15.f3 Re8
16.Ba3 Rxc4 17.Rxc4 Bxa3 18.Nb5 Bd5 19.Ra4 Bc5 20.Nc7 Qb8 21.Nxe8 Nxe8 22.Bb5 Ndf6
23.Kh1 g6 24.e4 Bb7 25.b4 Bd6 26.g3 Be5 27.Ba6 Kg7 28.Bxb7 Qxb7 29.b5 Qb8
30.Rc4 Bd6 31.Rc6 Bc5 32.Qb2 e5 33.Kg2 h5 34.h4 Kg8 35.Qd2 Bd4 36.Qb4 Qb7
37.Qc4 Kg7 38.a4 Qe7 39.Rxd4 exd4 40.Qxd4 Qd7 41.Qc3 Qd1 42.Qc2 Qd4 43.Rc4 Qa1
44.Qd2 Nd6 45.Rc1 Qe5 46.Qc3 Qxc3 47.Rxc3 Nfe8 48.e5 Nb7 49.Rc8 Kf8 50.Ra8 Na5
51.Rxa7 Nc4 52.f4 Ng7 53.a5 bxa5 54.Rc7 Ne3+ 55.Kf3 Nd5 56.Rc5 Nb6 57.Rc6 Nd7
58.b6 Ne6 59.Rc8+ Ke7 60.b7 Nd4+ 61.Kf2 a4 62.Rc7  1-0

[Event "GCT Blitz Paris 2017"]
[Site "Paris FRA"]
[Date "2017.06.25"]
[Round "10.5"]
[White "Nakamura,Hi"]
[Black "Vachier Lagrave,M"]
[Result "0-1"]
[WhiteElo "2785"]
[BlackElo "2796"]

1.d4 Nf6 2.c4 g6 3.Nf3 Bg7 4.e3 O-O 5.Be2 c5 6.d5 e6 7.O-O d6 8.Nc3 exd5
9.cxd5 Na6 10.Nd2 Re8 11.e4 Rb8 12.Re1 Bd7 13.h3 Nc7 14.a4 a6 15.a5 Nb5 16.Bf1 Nh5
17.g4 Nf6 18.Bg2 h5 19.Nxb5 Bxb5 20.Ra3 hxg4 21.hxg4 Nd7 22.Ree3 c4 23.b3 cxb3
24.Rexb3 Rc8 25.Bb2 Bxb2 26.Rxb2 Qf6 27.Rbb3 Kg7 28.Rg3 Ne5 29.Nf3 Qf4 30.Ra1 Qxe4
31.Nd4 Qf4 32.Nxb5 axb5 33.Qb3 Nxg4 34.Rf1 b4 35.Qb2+ Rc3 36.Rd1 Re5 37.Qd2 Qxd2
38.Rxd2 Rxg3 39.fxg3 Re1+ 40.Bf1 Ne3 41.Kf2 Nxf1 42.Rb2 Ra1 43.g4 b3 44.g5 Ra2  0-1

[Event "GCT Blitz Paris 2017"]
[Site "Paris FRA"]
[Date "2017.06.25"]
[Round "11.1"]
[White "Nakamura,Hi"]
[Black "Grischuk,A"]
[Result "1/2-1/2"]
[WhiteElo "2785"]
[BlackElo "2761"]

1.Nf3 Nf6 2.e3 g6 3.b3 Bg7 4.Bb2 O-O 5.d4 c5 6.d5 b5 7.Be2 Qa5+ 8.c3 Bb7
9.a4 Nxd5 10.axb5 Qb6 11.O-O a6 12.bxa6 Nxa6 13.Qc2 Nab4 14.Qc1 Rxa1 15.Bxa1 Ra8
16.Bb2 Nc6 17.Nfd2 d6 18.Rd1 Ne5 19.Bf1 Ba6 20.c4 Nb4 21.Ne4 Bb7 22.Nbc3 Bc6
23.Qb1 Qb7 24.Nd2 Na6 25.h3 Nc7 26.Qc2 h5 27.Qb1 Na6 28.Ne2 Nb4 29.Nc1 Nd7
30.Bxg7 Kxg7 31.Qb2+ Kg8 32.Nb1 Qa7 33.Nc3 Qa3 34.Qd2 Nf6 35.f3 Na6 36.e4 Nc7
37.Nd5 Bxd5 38.exd5 Ra6 39.Qc3 Qa1 40.Qd2 e5 41.dxe6 Nxe6 42.Ne2 Qe5 43.Re1 Kg7
44.h4 Ra3 45.Rb1 Ra6 46.Nc3 Nd4 47.Nb5 Qf5 48.Qb2 Qf4 49.Nxd4 cxd4 50.Rd1 Qe3+
51.Kh1 Rb6 52.b4 Qf4 53.Rxd4 Rxb4 54.Rxf4 Rxb2 55.Rd4 Rb6 56.Kh2 Nd7 57.Rd5 Kf6
58.Rb5 Rc6 59.Kg3 Ne5 60.Rb4 Rc5 61.Kf4 Ke6 62.Ke4 Rc7 63.g3 Rc6 64.f4 Nd7
65.Bh3+ f5+ 66.Kd4 Ra6 67.Bg2 Ra3 68.Bd5+ Ke7 69.Rb7 Kd8 70.c5 Nxc5 71.Rg7 Rxg3
72.Bf7 Rf3 73.Kd5 Ke7 74.Bg8+ Kf8 75.Rxg6 Rxf4 76.Bh7 Rxh4 77.Kxd6 Rg4 78.Rh6 Kg7
79.Rxh5 Ne4+ 80.Ke5 Nf6 81.Bxf5 Nxh5 82.Bxg4 Nf6 83.Kf4 Nxg4 84.Kxg4  1/2-1/2

[Event "GCT Blitz Paris 2017"]
[Site "Paris FRA"]
[Date "2017.06.25"]
[Round "12.5"]
[White "So,W"]
[Black "Nakamura,Hi"]
[Result "1-0"]
[WhiteElo "2812"]
[BlackElo "2785"]

1.Nf3 d5 2.e3 Nf6 3.c4 e6 4.b3 c5 5.Bb2 Nc6 6.cxd5 exd5 7.Bb5 Bd6 8.O-O O-O
9.d4 Bg4 10.dxc5 Bxc5 11.h3 Bh5 12.Nc3 a6 13.Bxc6 bxc6 14.Rc1 Bd6 15.Ne2 Bxf3
16.gxf3 Rc8 17.Qd3 Nd7 18.f4 Re8 19.Ng3 Bf8 20.Qxa6 Nc5 21.Qe2 Ra8 22.Ba1 Qd7
23.Kh2 Ne6 24.Qg4 Rxa2 25.Nh5 Kh8 26.Nf6 Qd8 27.Qf5 g6 28.Nxe8+ Rxa1 29.Qxf7  1-0

[Event "GCT Blitz Paris 2017"]
[Site "Paris FRA"]
[Date "2017.06.25"]
[Round "13.5"]
[White "Nakamura,Hi"]
[Black "Caruana,F"]
[Result "1/2-1/2"]
[WhiteElo "2785"]
[BlackElo "2808"]

1.Nf3 d5 2.e3 Nf6 3.c4 e6 4.b3 Bd6 5.Bb2 O-O 6.d4 b6 7.Bd3 Bb7 8.Nbd2 Nbd7
9.O-O c5 10.Rc1 Qe7 11.cxd5 exd5 12.dxc5 bxc5 13.Re1 Rfe8 14.Nf1 Rad8 15.Ng3 g6
16.Bb5 a6 17.Ba4 Ne4 18.Nxe4 dxe4 19.Nd2 Ne5 20.Bxe5 Qxe5 21.g3 Re6 22.Qe2 Qg5
23.Red1 h5 24.h4 Qf5 25.Nc4 Bd5 26.Nb6 Re5 27.Nxd5 Rxd5 28.Rxd5 Qxd5 29.Rd1 Qb7
30.Qc4 a5 31.Rd5 Qe7 32.Kg2 Qe6 33.Bc6 Rc8 34.Bb7 Rc7 35.Qa6 Bxg3 36.Rd8+ Kg7
37.Qxe6 fxe6 38.Kxg3 Rxb7 39.Ra8 c4 40.bxc4 Rc7 41.Rxa5 Rxc4 42.a4 Kf6 43.Ra8 Rc2
44.a5 Ra2 45.a6 e5 46.Kg2 Kf5 47.Kh3 Kf6 48.Kg3 Ra1 49.f3 exf3 50.Kxf3 Ra4
51.Ke2 Kf5 52.Kf3 Kf6 53.e4 Ra3+ 54.Ke2 Ra4 55.Kd3 Kg7 56.Kc3 Rxe4 57.Kb3 Re1
58.Rc8 Ra1 59.Rc6 e4 60.Kc2 e3 61.Kd3 Ra3+ 62.Ke2 Kf7 63.Kf3 Kg7 64.Rc7+ Kf6
65.a7 g5 66.Rc6+ Kg7 67.Rc7+ Kg6 68.Rc6+ Kg7 69.hxg5 Rxa7 70.Kxe3 Ra4 71.Kf3 Rg4
72.Kf2 Rxg5 73.Rc3 Kf6 74.Rg3 Rxg3 75.Kxg3 h4+ 76.Kxh4  1/2-1/2

[Event "GCT Blitz Paris 2017"]
[Site "Paris FRA"]
[Date "2017.06.25"]
[Round "14.5"]
[White "Bacrot,E"]
[Black "Nakamura,Hi"]
[Result "1-0"]
[WhiteElo "2708"]
[BlackElo "2785"]

1.e4 e5 2.Nf3 Nc6 3.Bb5 Nf6 4.O-O Nxe4 5.d4 Nd6 6.Bxc6 dxc6 7.dxe5 Nf5 8.Qxd8+ Kxd8
9.h3 Bd7 10.Nc3 Kc8 11.g4 Ne7 12.Kg2 h6 13.Be3 b6 14.Rad1 c5 15.Kg3 Bc6 16.Nh4 g5
17.Nf5 Ng6 18.f4 gxf4+ 19.Bxf4 Kb7 20.h4 Re8 21.Nd5 Re6 22.Rfe1 h5 23.g5 Ne7
24.Nfxe7 Bxe7 25.c4 Bf8 26.Bd2 Bg7 27.Bc3 Rhe8 28.Kf4 a5 29.Kf5 Bd7 30.Kf4 Bc8
31.Nf6 Rh8 32.Rd3 Bxf6 33.exf6 Rxe1 34.Bxe1 Be6 35.b3 Kc6 36.a4 Rg8 37.Bc3 Bg4
38.Re3 Bd1 39.Re7 Bxb3 40.Be5 Bxc4 41.Rxc7+ Kd5 42.Rxf7 Bb3 43.Rd7+ Kc6 44.Rc7+ Kd5
45.f7 Rf8 46.Bg7 Rxf7+ 47.Rxf7 Bxa4 48.g6 Bc2 49.Kg5 b5 50.Bf6 a4 51.g7 Bh7
52.Rf8  1-0

[Event "GCT Blitz Paris 2017"]
[Site "Paris FRA"]
[Date "2017.06.25"]
[Round "15.3"]
[White "Nakamura,Hi"]
[Black "Topalov,V"]
[Result "1-0"]
[WhiteElo "2785"]
[BlackElo "2749"]

1.Nf3 d5 2.e3 g6 3.c4 c6 4.cxd5 cxd5 5.Qa4+ Nc6 6.Ne5 Bd7 7.Nxd7 Qxd7 8.d4 e6
9.Nd2 Bd6 10.Nf3 Nf6 11.Be2 O-O 12.O-O Ne4 13.Nd2 Nf6 14.a3 a6 15.Bd3 Qe7
16.f4 Rfc8 17.Qd1 Rc7 18.b3 Rac8 19.Bb2 a5 20.g4 Ne8 21.g5 Ng7 22.Qe2 Nf5
23.Nf3 Qf8 24.Qd2 Qe7 25.Rfe1 Qf8 26.Kh1 Be7 27.e4 dxe4 28.Bxe4 Rd8 29.d5 exd5
30.Bxf5 gxf5 31.Nh4 d4 32.Nxf5 Bc5 33.Qd3 b6 34.Re4 f6 35.Re6 fxg5 36.fxg5 Kh8
37.Rf1 Qg8 38.Qe4  1-0

[Event "GCT Blitz Paris 2017"]
[Site "Paris FRA"]
[Date "2017.06.25"]
[Round "16.1"]
[White "Mamedyarov,S"]
[Black "Nakamura,Hi"]
[Result "1-0"]
[WhiteElo "2800"]
[BlackElo "2785"]

1.d4 Nf6 2.c4 e6 3.Nc3 Bb4 4.Nf3 O-O 5.Bg5 c5 6.e3 cxd4 7.exd4 d5 8.cxd5 exd5
9.Be2 h6 10.Bxf6 Qxf6 11.O-O Bxc3 12.bxc3 Nc6 13.Re1 b6 14.Nd2 Be6 15.Nf1 Rac8
16.Ne3 Ne7 17.Rc1 Ng6 18.g3 Rc7 19.f4 Ne7 20.Bd3 Rfc8 21.Qd2 Bd7 22.Ba6 Rd8
23.Bd3 Qd6 24.f5 Kh8 25.Rf1 Ng8 26.Ng4 b5 27.Ne5 Be8 28.Rce1 Rdc8 29.Qf4 Rd8
30.Re3 f6 31.Ng6+ Bxg6 32.Qxd6 Rxd6 33.fxg6 Rd8 34.Bxb5 Ne7 35.Bd3 Rxc3 36.Rxe7 Rxd3
37.Rfe1 Rf8 38.Rf7 Rg8 39.Rxa7 Rxd4 40.a4 Rg4 41.Rd1 Rxg6 42.Rxd5 Rg4 43.Rdd7 Rb8
44.Kg2 Rb2+ 45.Kf3 h5 46.Rd5 Rb3+ 47.Kg2 Rb2+ 48.Kh3 Rg5 49.Raa5 Rxd5 50.Rxd5 g5
51.g4 Rb3+ 52.Kg2 hxg4 53.Rd4 Kg7 54.Rxg4 Kg6 55.Rc4 Kh5 56.h3 f5 57.Rc8 Rb2+
58.Kf3 Rb3+ 59.Kg2 Ra3 60.Rh8+ Kg6 61.Ra8 Kf6 62.a5 Ke5 63.a6 Kf4 64.a7 Ra2+
65.Kf1 Kf3 66.Ke1 f4 67.Rg8 Rxa7 68.Rxg5 Ra1+ 69.Kd2 Kf2 70.h4 Ra3 71.h5 Rh3
72.Rf5 f3 73.Kd3 Ke1 74.Re5+ Kf1 75.Rf5 Kg2 76.Ke3 f2+ 77.Ke2 f1=N 78.Rf2+ Kg1
79.Rxf1+ Kg2 80.Rf2+ Kg1 81.Rf5 Ra3 82.h6 Rh3 83.Rf6 Kh2 84.Kf2 Rh4 85.Kf3 Kh3
86.Rg6 Ra4 87.h7 Rh4 88.Rg7 Rh6 89.Kf4 Kh4 90.Kf5 Rh5+ 91.Kg6 Kg4 92.Kf7+  1-0

[Event "GCT Blitz Paris 2017"]
[Site "Paris FRA"]
[Date "2017.06.25"]
[Round "17.1"]
[White "Nakamura,Hi"]
[Black "Carlsen,M"]
[Result "1-0"]
[WhiteElo "2785"]
[BlackElo "2832"]

1.Nf3 d5 2.e3 Nf6 3.c4 c6 4.d4 a6 5.Bd3 Bg4 6.Nbd2 e6 7.h3 Bh5 8.b3 Nbd7
9.Bb2 Bg6 10.Bxg6 hxg6 11.Qc2 Bb4 12.O-O O-O 13.Bc3 Bxc3 14.Qxc3 c5 15.Rfd1 Rc8
16.Rac1 Qe7 17.Qb2 cxd4 18.Nxd4 Ne5 19.N2f3 Nxf3+ 20.Nxf3 dxc4 21.Rxc4 Rxc4
22.bxc4 Rc8 23.Ne5 g5 24.Qb6 g6 25.a4 Qc7 26.Qb2 Qe7 27.Qb6 Kg7 28.g3 Rc7
29.Qb2 Kg8 30.Rd4 Rc5 31.Rd1 Rc7 32.Kg2 Rc8 33.Rd3 Rc7 34.Rd1 Rc8 35.a5 Rc7
36.Qb6 Rc8 37.Rb1 Rc7 38.Rb2 Qc5 39.f4 gxf4 40.gxf4 Ne4 41.Kf3 Nd6 42.Rb4 Kg7
43.Ke2 f6 44.Qxc5 Rxc5 45.Nd3 Rxc4 46.Rb6 Ne4 47.Rxb7+ Kh6 48.Nb4 Rc3 49.Rb6 Ra3
50.Rxa6 Ra4 51.Nc6 Ra2+ 52.Kd1 Nc3+ 53.Ke1 Nd5 54.Ra8 Ra1+ 55.Kd2 Ra2+ 56.Kd3 Ra3+
57.Kd4 Nxe3 58.a6 Nf5+ 59.Kc5 Rc3+ 60.Kb6 Nd6 61.a7 Rb3+ 62.Kc5 Ne4+ 63.Kd4  1-0

[Event "GCT Blitz Paris 2017"]
[Site "Paris FRA"]
[Date "2017.06.25"]
[Round "18.1"]
[White "Karjakin,Sergey"]
[Black "Nakamura,Hi"]
[Result "0-1"]
[WhiteElo "2781"]
[BlackElo "2785"]

1.e4 e5 2.Nf3 Nc6 3.Bc4 Bc5 4.O-O Nf6 5.d3 d6 6.c3 a6 7.a4 O-O 8.h3 Ba7 9.Re1 Ne7
10.d4 Ng6 11.Nbd2 Re8 12.Qb3 Qe7 13.a5 h6 14.Bf1 c6 15.Qc2 Be6 16.dxe5 Nxe5
17.Nxe5 dxe5 18.Nc4 Qc7 19.Be3 Bxc4 20.Bxc4 Bxe3 21.Rxe3 Rad8 22.Rd3 Rxd3
23.Qxd3 Rd8 24.Qe3 Rd7 25.g3 Qd6 26.b4 Qd2 27.Re1 h5 28.Qxd2 Rxd2 29.Kg2 h4
30.Kf3 hxg3 31.fxg3 Rc2 32.Re3 g5 33.Rd3 Kf8 34.Bb3 Rb2 35.Bd1 Ke7 36.Ke3 Rg2
37.Kf3 Rh2 38.Bb3 Rxh3 39.Kg2 Rh8 40.Rf3 g4 41.Rf5 Rh5 42.Rf1 Rg5 43.Bc4 Rh5
44.Rf2 Rg5 45.Rf1 Rh5 46.Rf2 Rh3 47.Rf5 Nh5 48.Rxe5+ Kd6 49.Rf5 f6 50.Kf2 Nxg3
51.Rxf6+ Ke5 52.Re6+ Kf4 53.Rf6+ Kg5 54.Re6 Nh5 55.Re7 Rxc3 56.Be2 g3+ 57.Ke1 Nf4
58.Rxb7 Re3  0-1

[Event "5th Sinquefield Cup 2017"]
[Site "Saint Louis USA"]
[Date "2017.08.02"]
[Round "1.4"]
[White "Anand,V"]
[Black "Nakamura,Hi"]
[Result "1/2-1/2"]
[WhiteElo "2783"]
[BlackElo "2792"]

1.e4 e5 2.Nf3 Nc6 3.Bb5 Nf6 4.d3 Bc5 5.c3 O-O 6.Bg5 h6 7.Bh4 Re8 8.Nbd2 Be7
9.Bg3 d6 10.h3 a6 11.Ba4 b5 12.Bc2 Bb7 13.O-O Bf8 14.Nh2 d5 15.exd5 Qxd5
16.Nhf3 Qd7 17.Re1 Bd6 18.Re2 Rad8 19.Qf1 Nh5 20.Bh2 Re7 21.Rae1 Rde8 22.g4 Nf6
23.Ne4 Nxe4 24.dxe4 Qe6 25.Bb3 Qf6 26.Qg2 Na5 27.Bc2 Nc4 28.Bb3 Na5 29.Bc2 Nc4
30.Bb3 Na5  1/2-1/2

[Event "5th Sinquefield Cup 2017"]
[Site "Saint Louis USA"]
[Date "2017.08.03"]
[Round "2.3"]
[White "Nakamura,Hi"]
[Black "Vachier Lagrave,M"]
[Result "1/2-1/2"]
[WhiteElo "2792"]
[BlackElo "2791"]

1.e4 c5 2.Nf3 d6 3.d4 cxd4 4.Nxd4 Nf6 5.Nc3 a6 6.h3 e5 7.Nde2 h5 8.g3 Nbd7
9.Bg2 b5 10.Nd5 Nxd5 11.Qxd5 Qc7 12.Be3 Bb7 13.Qd2 Rc8 14.Nc3 Nb6 15.Bxb6 Qxb6
16.a4 Be7 17.axb5 axb5 18.h4 O-O 19.O-O Rc4 20.b3 Rc7 21.Nd1 Qd4 22.Qa5 Qc5
23.Ne3 Ra8 24.Qd2 g6 25.Rxa8+ Bxa8 26.Ra1 Ra7 27.Ra5 Qb6 28.Rxa7 Qxa7 29.Qc3 Qb8
30.Qb4 Bc6 31.c4 Kf8 32.Nd5 Bxd5 33.cxd5  1/2-1/2

[Event "5th Sinquefield Cup 2017"]
[Site "Saint Louis USA"]
[Date "2017.08.04"]
[Round "3.4"]
[White "So,W"]
[Black "Nakamura,Hi"]
[Result "1/2-1/2"]
[WhiteElo "2810"]
[BlackElo "2792"]

1.e4 e5 2.Nf3 Nc6 3.Bc4 Bc5 4.O-O Nf6 5.d3 d6 6.a4 a6 7.c3 O-O 8.Re1 Ba7
9.h3 b5 10.Bb3 h6 11.axb5 axb5 12.Be3 Bd7 13.Bxa7 Rxa7 14.Nbd2 Rxa1 15.Qxa1 Nh5
16.Nf1 Qf6 17.Qd1 b4 18.d4 bxc3 19.bxc3 Nf4 20.Ne3 Qg6 21.Kh2 Re8 22.Ba4 Qf6
23.Ng4 Qe7 24.Ne3 Qf6 25.Bb5 exd4 26.cxd4 Nb8 27.Bf1 Ng6 28.Nd5 Qd8 29.Qc2 c6
30.Nc3 c5 31.Rd1 Nc6 32.dxc5 dxc5 33.Nb5 Qb8+ 34.Kg1 Nb4 35.Qxc5 Bxb5 36.Qxb4 Bc6
37.Qxb8 Rxb8 38.Bd3 Rb4 39.Rb1 Ra4 40.Bc2 Rc4 41.Rb8+ Kh7 42.Bb3 Rc1+ 43.Kh2 Bxe4
44.Bxf7 Ne7 45.Re8 Rc7 46.Ne5 Bd5 47.Bh5 g6 48.Be2 Nc6 49.Ng4 Kg7 50.Ne3 Bf7
51.Re4 Rb7 52.Bf3 Rb4 53.Rxb4 Nxb4 54.Be4 Na6 55.f4 Nc5 56.Bb1 Nd7 57.g4 Nf6
58.Kg3 Nd5 59.Nd1 Be8 60.Be4 Ba4 61.Nb2 Nc3 62.Kf3 Bb5 63.Bb7 g5 64.fxg5 hxg5
65.Be4 Nxe4 66.Kxe4 Bf1 67.Kf5 Bxh3 68.Kxg5 Bxg4 69.Kxg4  1/2-1/2

[Event "5th Sinquefield Cup 2017"]
[Site "Saint Louis USA"]
[Date "2017.08.05"]
[Round "4.5"]
[White "Nepomniachtchi,I"]
[Black "Nakamura,Hi"]
[Result "1-0"]
[WhiteElo "2742"]
[BlackElo "2792"]

1.d4 Nf6 2.c4 e6 3.Nf3 d5 4.Nc3 Be7 5.Bf4 O-O 6.e3 c5 7.dxc5 Bxc5 8.cxd5 Nxd5
9.Nxd5 exd5 10.Bd3 Bb4+ 11.Nd2 Nc6 12.O-O Be6 13.Nf3 Be7 14.Rc1 Bf6 15.a3 Qe7
16.b4 a6 17.h3 Rac8 18.Rc5 a5 19.Qb1 axb4 20.axb4 b6 21.Rcc1 g6 22.Ba6 Nxb4
23.Bxc8 Rxc8 24.Rxc8+ Bxc8 25.Rc1 Bf5 26.Qb3 Nd3 27.Rc7 Qd8 28.Bg3 h5 29.Qxb6 h4
30.Bd6 Be4 31.Qc6 Kg7 32.Rc8 d4 33.Qxe4  1-0

[Event "5th Sinquefield Cup 2017"]
[Site "Saint Louis USA"]
[Date "2017.08.06"]
[Round "5.5"]
[White "Nakamura,Hi"]
[Black "Svidler,P"]
[Result "1/2-1/2"]
[WhiteElo "2792"]
[BlackElo "2749"]

1.e4 e5 2.Nf3 Nc6 3.Bb5 a6 4.Ba4 Nf6 5.O-O Be7 6.Re1 b5 7.Bb3 O-O 8.a4 b4
9.d4 d6 10.dxe5 Nxe5 11.Nbd2 Ned7 12.Nd4 Bb7 13.c3 bxc3 14.bxc3 Nc5 15.Bc2 Re8
16.f3 Nfd7 17.a5 d5 18.exd5 Bxd5 19.Nf1 Ne6 20.Be3 Bc5 21.Nxe6 Bxe6 22.Be4 Rb8
23.Qd3 Bxe3+ 24.Nxe3 Nc5 25.Bxh7+ Kf8 26.Qxd8 Rexd8 27.Bc2 Rd2 28.Rad1 Rxd1
29.Rxd1 Rb2 30.Rd8+ Ke7 31.Rg8 g6 32.f4 Ra2 33.h4 Nd7 34.Rc8 Rxa5 35.Rxc7 Kd6
36.Ra7 Ra3 37.f5 gxf5 38.Bxf5 Ne5 39.h5 Bxf5 40.Nxf5+ Ke6 41.Ne3 Kf6 42.h6 Kg6
43.Re7 Ra5 44.Kh2 Rc5 45.Kg3 Nc6 46.Rc7 Rxc3 47.Kf2 Rc5 48.h7 Kxh7 49.Rxf7+ Kg6
50.Rc7 Ne5 51.Rxc5 Nd3+ 52.Ke2 Nxc5 53.Kd2 Kg5  1/2-1/2

[Event "5th Sinquefield Cup 2017"]
[Site "Saint Louis USA"]
[Date "2017.08.08"]
[Round "6.2"]
[White "Carlsen,M"]
[Black "Nakamura,Hi"]
[Result "1/2-1/2"]
[WhiteElo "2822"]
[BlackElo "2792"]

1.d4 Nf6 2.c4 e6 3.Nf3 d5 4.Nc3 Be7 5.Bf4 O-O 6.e3 c5 7.dxc5 Bxc5 8.cxd5 Nxd5
9.Nxd5 exd5 10.Bd3 Bb4+ 11.Nd2 Nc6 12.O-O Be7 13.Rc1 Bf6 14.Nf3 Qe7 15.h3 g6
16.Bb5 Bd7 17.Qxd5 Be6 18.Qe4 Bxb2 19.Bxc6 f5 20.Bg5 fxe4 21.Bxe7 Bxc1 22.Bxb7 Bxe3
23.Bxf8 Rxf8 24.fxe3 exf3 25.Bxf3 Rb8 26.a4 Rb4 27.Bc6 Rc4 28.Bb5 Re4 29.Rd1 a6
30.Bxa6 Rxa4 31.Bb7 Kf7 32.Kf2 Kf6 33.Bd5 Bf5 34.g4 Be6 35.Kf3 Ra5 36.Bxe6 Kxe6
37.h4 Ra2 38.Rb1 Ra7 39.Kf4 Ra4+ 40.e4 Ra7 41.Rb6+ Kf7 42.Rc6 Rd7 43.g5 Ra7
44.Ke5 Re7+ 45.Kd5 Rd7+ 46.Rd6 Ra7 47.Rf6+ Ke7 48.Rc6 Rd7+ 49.Ke5 Ra7 50.Rc5 Rd7
51.Ra5 Kf7 52.Ra1 Re7+ 53.Kf4 Rb7 54.Ra6 Rc7 55.Kg4 Re7 56.Rf6+ Ke8 57.Kf4 Ra7
58.Rb6 Kf7 59.Ke5 Re7+ 60.Kd5 Rd7+ 61.Rd6 Ra7 62.Rd8 Ra5+ 63.Kd4 Ra4+ 64.Ke5 Ra5+
65.Kf4 Ra7 66.Rd4 Ke6 67.Rb4 Rf7+ 68.Ke3 Ra7 69.Rb8 Re7 70.Rh8 Ra7 71.Re8+ Kf7
72.Rb8 Ke6 73.Rb6+ Kf7 74.Kf4 Re7 75.Rf6+ Ke8 76.h5 gxh5 77.e5 Rf7 78.Ke4 Rg7
79.Kf5 Rf7 80.Kf4 h4 81.Kg4 Re7 82.e6 Ra7 83.Rh6 Kf8 84.Kxh4 Ra4+ 85.Kh5 Re4
86.Rf6+ Kg7 87.Rf7+ Kg8 88.Re7 Kf8 89.Rxh7 Rxe6 90.Rh6 Re1 91.Ra6 Kg7 92.Ra7+ Kg8
93.Kh6 Re6+ 94.g6 Re8  1/2-1/2